000 00787nam a22002537a 4500
005 20251108173637.0
008 250721s2002 xx 000 0 ara d
020 _a2844092705
082 1 4 _aط/604/راي
100 1 _aرايت، مايكل
245 1 0 _aوسائل المواصلات /
264 1 _aبيروت :
_bالدار العربية للعلوم،
_c2002.
300 _a45ص.
490 0 _aالتطورات العلمية في القرن 21
650 1 7 _aالنقل
650 1 7 _aالتكنولوجيا
650 1 7 _aالتطور
653 _aناشئون كبار (15-18) سنة
700 1 _aباتل، موكول
700 1 _aالعاني، بدري
_eمترجم
700 1 _aالعاني، عامر
_eمترجم
942 _2ddc
_cBK
999 _c108849
_d108849